Budoucnost (ne)práce ovládněte AI, získejte superschopnosti, vydělávejte víc a žijte podle vlastních pravidel

Uložené v:
Podrobná bibliografia
Hlavný autor: Dřímalka, Filip
Médium: Kniha
Jazyk:Czech
Vydavateľské údaje: [S.l.] NOWORK.AI publishing 2023
Vydanie:1. vydání
Predmet:
Tagy: Pridať tag
Žiadne tagy, Buďte prvý, kto otaguje tento záznam!

MARC

LEADER 00000nam a2200000 4500
001 0307901
005 20250507145500.7
020 |a 978-80-11-03715-4 
041 0 |a cze 
044 |a CZ 
245 1 0 |a Budoucnost (ne)práce  |b ovládněte AI, získejte superschopnosti, vydělávejte víc a žijte podle vlastních pravidel 
250 |a 1. vydání 
264 1 |a [S.l.]  |b NOWORK.AI publishing  |c 2023 
300 |a 239 s. 
610 2 0 |a inteligencia umelá 
610 2 0 |a technológie nové 
610 2 0 |a práca 
610 2 0 |a zamestnanie 
100 1 |a Dřímalka, Filip